000 00733nam a2200181 a 4500
001 000038937
005 20240418073801.0
008 110224s2006 dr 000 0 spa d
040 _aDO-SdBNP
_bspa
_cBNPHU
082 _aR016.86
_bD722o
100 1 _aCollado, Miguel A.,
_d1954-
_924696
245 1 0 _a225 obras recomendables de la literatura dominicana :
_bguía preliminar de lectura para maestros y estudiantes /
_cMiguel Collado.
246 0 0 _aDoscientos veinticinco obras recomendables de la literatura dominicana
260 _aSanto Domingo :
_bSecretaría de Estado de Educación ;
_bDirección General de Cultura,
_c2006.
300 _a34 p. ;
_c23 cm.
650 4 _aLiteratura dominicana
_xBibliografías
_96425
049 _aBNPD
999 _c38427
_d38427